000 00603nam a2200229Ia 4500
003 OSt
005 20221007075445.0
006 a|||||r|||| 00| 0
007 ta
008 221006b |||||||| |||| 00| 0 eng d
024 _a44,854
037 _cTextual
040 _aFLL
_cFLL
_beng
041 _2eng
_aeng
082 _aZ8wN22, Q7
100 _aWALMSLEY Stephen
_9693950
245 0 _aTrials of justice murphy
260 _aNew Delhi
_bLexis Nexis India
_c2017
300 _axxii,486p.
_ccm.
942 _hZ8wN22, Q7
_cTEXL
_2CC
999 _c1156166
_d1156166